LEADER 01434nam 2200385 a 450 001 9910696729703321 005 20080716075132.0 035 $a(CKB)5470000002381577 035 $a(OCoLC)234071517 035 $a(EXLCZ)995470000002381577 100 $a20080716d2008 ua 0 101 0 $aeng 135 $aurmn||||||||| 181 $ctxt$2rdacontent 182 $cc$2rdamedia 183 $acr$2rdacarrier 200 10$aHomeland security$b[electronic resource] $ethe Federal Protective Service faces several challenges that hamper its ability to protect federal facilities: report to congressional requesters 210 1$a[Washington, D.C.] :$cU.S. Govt. Accountability Office,$d[2008] 215 $aii, 45 pages $cdigital, PDF file 300 $aTitle from title screen (viewed on July 9, 2008). 300 $a"June 2008." 300 $aPaper version available from: U.S. Govt. Accountability Office, 441 G St., NW, Rm. LM, Washington, D.C. 20548. 300 $a"GAO-08-683." 320 $aIncludes bibliographical references. 517 $aHomeland security 606 $aPublic buildings$xSecurity measures$zUnited States 606 $aTerrorism$zUnited States$xPrevention 615 0$aPublic buildings$xSecurity measures 615 0$aTerrorism$xPrevention. 801 0$bGPO 801 1$bGPO 906 $aBOOK 912 $a9910696729703321 996 $aHomeland Security$91686681 997 $aUNINA LEADER 01216nam1 22003253i 450 001 VIA0028974 005 20231121125923.0 100 $a20141212g1968 ||||0itac50 ba 101 | $aeng 102 $agb 181 1$6z01$ai $bxxxe 182 1$6z01$an 200 1 $aHistory of classical scholarship$fRudolf Pfeiffer 210 $aOxford$cClarendon Press 215 $a v.$d24 cm. 463 1$1001VIA0028973$12001 $a˜[1]: œFrom the beginnings to the end of the Hellenistic age$fRudolf Pfeiffer$v1 463 1$1001VIA0028979$12001 $a˜[2]: œFrom 1300 to 1850$fRudolf Pfeiffer$v2 606 $aFilologia classica$xStoria$2FIR$3RMLC062761$9N 676 $a880$9Letteratura classica. - Letteratura greca.$v21 700 1$aPfeiffer$b, Rudolf$3VIAV090432$4070$0173130 801 3$aIT$bIT-01$c20141212 850 $aIT-RM028 $aIT-FR0017 899 $aBiblioteca Universitaria Alessandrina$bRM028 899 $aBiblioteca umanistica Giorgio Aprea$bFR0017 912 $aVIA0028974 950 1$aBiblioteca umanistica Giorgio Aprea$d 52MAG 5/341.1 967 $m2 977 $a 01$a 52 996 $aHistory of classical scholarship$946969 997 $aUNICAS